01586nam a2200349 a 4500001001200000003000800012006001900020007001500039008004100054010001700095020001500112040002100127035002000148050002400168082001700192245024300209260005600452300001400508490001900522500007300541504005200614533015200666650003700818650003300855655002900888700002600917700001900943710001700962711009300979830003801072856012601110ebr10041042CaPaEBRm u cr cn|||||||||000809s1999 dcu sb 100 0 eng d z 00699899  z0309065755 aCaPaEBRcCaPaEBR a(OCoLC)7072618714aHV6252b.T75 1999eb04a364.1/0622100aTransnational organized crimeh[electronic resource] :bsummary of a workshop /cCommittee on Law and Justice, Commission on Behavioral and Social Sciences and Education, National Research Council ; Peter Reuter and Carol Petrie, editors. aWashington, D.C. :bNational Academy Press,cc1999. axi, 62 p.1 aCompass series a"Workshop on Transnational Organized Crime June 17-18, 1998"--P. 61. aIncludes bibliographical references (p. 54-60). aElectronic reproduction.bPalo Alto, Calif. :cebrary,d2013.nAvailable via World Wide Web.nAccess may be limited to ebrary affiliated libraries. 0aTransnational crimevCongresses. 0aOrganized crimevCongresses. 7aElectronic books.2local1 aReuter, Peter,d1944-1 aPetrie, Carol.2 aebrary, Inc.2 aWorkshop on Transnational Organized Crimed(1998 :cNational Academy of Sciences (U.S.)) 0aCompass series (Washington, D.C.)40uhttp://site.ebrary.com/lib/rucke/Doc?id=10041042zAn electronic book accessible through the World Wide Web; click to view